| 000 | 00333nas a22001337a 4500 | ||
|---|---|---|---|
| 001 | T027600012656-00 | ||
| 008 | 190830b xxu||||| |||| 00| 0 esp | | ||
| 040 |
_aFEVP _cFEVP |
||
| 245 | _aBoletín sobre Políticas de Integración Social | ||
| 260 | _c200303% | ||
| 300 | _a12p. | ||
| 650 | _aIntegración--América Latina | ||
| 942 | _cREV | ||
| 999 |
_c17896 _d17896 |
||